| 000 | 00808nam a2200253 u 4500 | ||
|---|---|---|---|
| 005 | 20241031063727.0 | ||
| 008 | 171009s2008 ag r 000 0 spa d | ||
| 020 | _a9789872163150 | ||
| 035 | _aUPN01000220778 | ||
| 049 | _aI | ||
| 050 | 4 |
_aHQ53 _bC9.2 |
|
| 100 | 1 |
_aCzarny, Marcela _942084 |
|
| 245 | 1 | 0 |
_aDecir sí, decir no / _cMarcela Czarny, Mariela Reiman, Andrea Urbas. |
| 260 |
_aBuenos Aires : _bChicos.Net, _c2008. |
||
| 300 |
_a24 p. : _bprincipalmente il. col. |
||
| 440 | 0 |
_aEducación sexual ; _phasta 8 años |
|
| 650 | 2 |
_aEducacion sexual para niños _93578 |
|
| 650 | 2 |
_aAsertividad (Psicología) _97196 |
|
| 650 | 4 |
_aLibros y lectura para niños _92290 |
|
| 700 | 1 |
_aReiman, Mariela, _ecoaut. _940988 |
|
| 700 | 1 |
_aUrbas, Andrea, _ecoaut. |
|
| 905 | _aInfantil | ||
| 999 |
_c192877 _d192877 |
||